Lecciones de derecho canónico: introducción al derecho constitucional parte general
Salvato in:
| Autore principale: | |
|---|---|
| Natura: | Libro |
| Lingua: | spagnolo |
| Pubblicazione: |
Madrid
Tecnos
1991
|
| Soggetti: | |
| Tags: |
Aggiungi Tag
Nessun Tag, puoi essere il primo ad aggiungerne!!
|
MARC
| LEADER | 00000nam a2200000 a 4500 | ||
|---|---|---|---|
| 001 | UCV2890 | ||
| 003 | CL-VaPUC | ||
| 008 | 921217e19910000SP |||||||||||||||||spa|d | ||
| 082 | 0 | 4 | |a 262.94 |b LOM |2 21 |
| 100 | |a Lombardía, Pedro |e autor |9 616428 | ||
| 245 | 1 | 0 | |a Lecciones de derecho canónico: introducción al derecho constitucional parte general |
| 300 | |a 171 p | ||
| 942 | |c BK | ||
| 945 | |d 19921217 00:00:00 | ||
| 260 | |a Madrid |b Tecnos |c 1991 | ||
| 650 | 7 | |a DERECHO CANONICO |2 CL-VaPUC |9 297195 | |
| 583 | |a last modification |c 19921217 00:00:00 |k Rodrigo Vera | ||
| 999 | |c 210347 |d 210345 | ||
| 952 | |0 0 |1 0 |4 0 |6 262_940000000000000_LOM_1991 |7 0 |8 A |9 186494 |a BIBDER |b BIBDER |d 2019-11-14 |i 2539861 |o 262.94 LOM 1991 |p 2539861 |r 2023-01-25 |w 2019-11-14 |y BK |k DER | ||